000 00480nam a2200181Ia 4500
005 20250326130223.0
008 250326s9999 xx 000 0 und d
037 _aTextbook
040 _aFMSL
_beng
_cFMSL
041 _aeng
_2eng
084 _aX:8K M4
_qFMSL
100 _aBlocker J G
245 0 _aCost accounting
_cBlocker J G; Weltmer W K
260 _aDelhi
_bDelhi, McGraw-Hill
_c1954
300 _a623p
942 _cTB
_hX:8K M4
999 _c1281516
_d1281516